| 000 | 00422cam a22001097a 4500 | ||
|---|---|---|---|
| 008 | 180718b1990 xxu||||| |||| 00| 0 eng d | ||
| 082 | _aL69x42 Un3e | ||
| 245 |
_aEfficiency scrutiny of government funding of the voluntary sector : profiting from partnership _cby Home Office, United KIngdom |
||
| 260 |
_aLondon _bHer Majesty's Stationery Office _c1990 |
||
| 300 | _a231+p. | ||
| 700 | _aUnited Kingdom. Local Government Finance | ||
| 999 |
_c500612 _d500612 |
||